Prírodopis pre 5. ročník základných škôl

Podrobná bibliografia
Hlavní autori: Hantabálová, Ida (Autor), Hroznárová, Viera (Autor), Paldiová, Viera (Autor)
Ďalší autori: Brázdil, Zdeno, 1955- (Ilustrátor)
Médium: Kniha
Jazyk:slovenčina
Fyzický popis:159 s. fareb. ilustr., sch. 26 cm
Vydavateľské údaje: Bratislava Slovenské pedagogické nakladateľstvo 1997
ISBN:8008024674
Predmet:

MARC

LEADER 00000nam a2200000 a 4500
001 vtls001311757
003 SK-MaSNL
005 20260301113933.0
008 240314s1997 xo a r 0 slo
015 |a SNBA1998/03-00924 
020 |a 8008024674 
035 |a SNK000264139 
035 |a urn:nbn:sk:snk-amye61 
035 |a urn:nbn:sk:snk-am00ce4q 
035 |a 38168C7F-9701-40BC-8C8B-5D8CBA8CF365 
040 |a SNK  |b slo  |c SNK  |e AACR2 
041 0 |a slo 
044 |a xo  |c SK 
080 |a 372.858(075.2)  |2 1981 
100 1 |a Hantabálová, Ida  |4 aut  |9 226480 
245 1 0 |a Prírodopis pre 5. ročník základných škôl  |c Ida Hantabálová, Viera Hroznárová, Viera Paldiová 
260 |a Bratislava  |b Slovenské pedagogické nakladateľstvo  |c 1997 
300 |a 159 s.  |b fareb. ilustr., sch.  |c 26 cm 
500 |a Ilustr. na tit. strane a front. 
500 |a Ilustr. Zdeno Brázdil 
504 |a Reg. 
650 0 7 |a prírodopis  |x učebnice zákl. škôl (5. roč.)  |2 SNK  |9 290280 
655 7 |a učebnice  |2 SNK  |9 22521 
700 1 |a Hroznárová, Viera  |4 aut  |9 44377 
700 1 |a Paldiová, Viera  |4 aut  |9 46125 
700 1 |a Brázdil, Zdeno,  |d 1955-  |4 ill  |9 243314 
919 |a 80-08-02467-4 
958 |a TL 
958 |a UX 
999 |c 716400  |d 718330 
952 |t P60, <06>, [BOOK], {606}  |a SNK  |b SNK  |y PREZ  |7 0  |p 17A0108569  |o snkSB 57937  |i snkKSP 11715/97  |0 0  |1 0  |4 0  |d 1997-11-27  |f 1  |l 0  |r 2015-12-31 00:00:00  |w 2026-02-23 
952 |t P60, <04>, [BOOK], {604}  |a SNK  |b SNK  |y VYP  |7 0  |p 17A0116575  |o snkSB 57937 D1  |i snkKSP 362/98  |0 0  |1 0  |4 0  |d 1998-01-16  |l 0  |r 2005-01-02 00:00:00  |w 2026-02-23 
952 |t P60, <09>, [BOOK], {629}  |a SNK  |b SNK  |y NEVYP  |7 0  |o snkB 13  |i snk60/980119  |0 0  |1 0  |4 0  |d 1998-01-16  |l 0  |r 2005-01-02 00:00:00  |w 2026-02-23 
952 |a SNKLM  |b SNKLM  |y NEVYP  |7 0  |o snklmKK 1069  |i snklm965/2001  |8 7  |0 0  |1 0  |4 0  |d 2006-08-15  |l 0  |r 2026-02-23 21:46:26  |w 2026-02-23